|
|
|
|
| LEADER |
01097nam a22002892a 4500 |
| 001 |
001767696 |
| 003 |
CZ BrMZK |
| 005 |
20200909133453.0 |
| 007 |
ta |
| 008 |
200909s1971 gw a er|||||||||||ger d |
| 020 |
|
|
|q (Váz.) :
|c Kčs 195,00
|
| 040 |
|
|
|a ABA001
|b cze
|c ABA001
|d ABA001
|d BOA001
|
| 041 |
1 |
|
|a ger
|h eng
|
| 072 |
|
7 |
|a 577
|x Biochemie. Molekulární biologie. Biofyzika
|2 Konspekt
|9 2
|
| 080 |
9 |
|
|a 577.1
|2 MRF
|
| 100 |
1 |
|
|a Green, David E.
|q (David Ezra),
|d 1910-1983
|7 xx0197403
|4 aut
|
| 245 |
1 |
0 |
|a Molekulare Prozesse des Lebens /
|c David E. Green, Robert F. Goldberger ; aus dem Englischen übersetzt von L. und R. Träger
|
| 260 |
|
|
|a Berlin :
|b Springer-Verlag,
|c 1971
|
| 300 |
|
|
|a viii, 240 s. :
|b il. ;
|c 26 cm
|
| 500 |
|
|
|a Obsahuje rejstřík
|
| 650 |
0 |
7 |
|a biochemie
|7 ph114149
|2 czenas
|
| 700 |
1 |
|
|a Goldberger, Robert F.,
|d 1934-2003
|7 xx0196903
|4 aut
|
| 765 |
0 |
|
|t Molecular insights into the living process
|9 Německy
|
| 910 |
|
|
|a BOA001
|b 3-0694.211
|
| 990 |
|
|
|a BK
|
| 991 |
|
|
|b 202009
|
| 996 |
7 |
|
|b 2618897986
|c 3-0694.211
|l MZK
|r Sklad / do 1 hodiny
|n 0
|w 001824456
|u 000010
|a 1
|e BOA001
|j MZK50
|s A
|